The 1997 guide to Turkey.
| Format: | Book |
|---|---|
| Published: |
London:
Euromoney,
1997.
|
| Subjects: |
| LEADER | 00417cam a2200157 7i4500 | ||
|---|---|---|---|
| 001 | 0000006141 | ||
| 005 | 19991025090000.0 | ||
| 002 | ##000007802 | ||
| 020 | 0 | 0 | |a T000006030 |
| 090 | 0 | 0 | |a TUR 339 |b GUI |
| 245 | 0 | 0 | |a The 1997 guide to Turkey. |
| 260 | 0 | 0 | |a London: |b Euromoney, |c 1997. |
| 300 | 0 | 0 | |a 20 p.. |
| 650 | 0 | 0 | |a Turkey -- |x Economic conditions |
| 651 | 0 | 0 | |a Turkey |
| 999 | |a 0000009164 |b Book |c Open shelf |e Business Information Centre | ||